Anatomický pohľad na budúcoročný rozpočet z tlačovej konferencie s ministrom zdravotníctva Romanom Kováčom

Bibliographic Details
Main Author: Zárecký, Ľudovít (Author)
Format: Article
Language:Slovak
ISSN:1335-4477
Subjects:

MARC

LEADER 00000nab a2200000 a 4500
001 vtls000739108
003 SK-MaSNL
005 20260302193405.0
008 140303c2000 xo 0 slo
015 |a SNBRB2000/12-34976 
035 |a CLN000090968 
040 |a SNKBUCL  |b slo  |c SNKBUCL  |e AACR2 
041 0 |a slo 
044 |a xo  |c SK 
080 |a 338.46(437.6):614.2:336.12  |2 1997 
080 |a 614.2(437.6)  |2 1997 
080 |a 336.12(437.6)  |2 1997 
100 1 |a Zárecký, Ľudovít  |4 aut  |9 267836 
245 1 0 |a Anatomický pohľad na budúcoročný rozpočet  |b z tlačovej konferencie s ministrom zdravotníctva Romanom Kováčom  |c Ľudovít Zárecký 
650 0 7 |a zdravotníctvo  |z Slovensko  |x rozpočet  |y 2001  |2 snkbucl  |9 910835 
655 7 |a články z novín a časopisov  |2 snkbucl  |9 267496 
773 0 |t Zdravotnícke noviny  |g Roč. 5, č. 37 (2000), s. 1 a 3  |x 1335-4477 
850 |a Slovenská národná knižnica v Martine 
852 |a SNK  |b KIS3GCP 
958 |a MI 
958 |a SK 
992 |a RBX 
999 |c 1444321  |d 1446251